00337nam a22001097a 4500082001300000100002200013245010100035260004500136300001100181563000800192650002700200 a340bKHA aKhan, Asad Imtiaz aPolitical Science Part-11bLL.B. ( 5 Years Program ) as per HEC New Syllabus /cAsad Imtiaz Khan aLahore :bMansoor Law Book House,c2021. a552 p. aPB. aLaw, Political Science